000 00929nam a2200253Ia 4500
003 OSt
005 20221005103917.0
006 a|||||r|||| 00| 0
007 ta
008 221004b |||||||| |||| 00| 0 hin d
020 _a8190373919 (hbk)
_c595
024 _a100808
037 _b403, 22/03/2010, Swaraj Prakashan
_cTextual
040 _aCRL
_cCRL
_bhin
041 _2hin
_ahin
082 _aY15, 152P6
100 _aरावत, ज्ञानेन्द्र, संपा.
245 0 _aऔरत
_b अस्मिता और यथार्थ
246 _aAurata: asmitā aur yathārtha
260 _aदिल्ली
_bकान्ती बुक सेन्टर भारत
_c2006
300 _a336पृ0
_ccm.
942 _hY15, 152P6
_cTEXL
_2cc
999 _c1011245
_d1011245